Nové úlohy ekonomickej analýzy v podniku. Diskusný príspevok.

Význam a predmet ekonomickej analýzy. Zameranie a organizácia rozboru hospodárskej činnosti. Podnikový plán ako prostriedok na dosiahnutie cieľov podniku. Význam perspektívnej analýzy a modelového riešenia. Najdôležitejšie ekonomické ukazovatele.

Guardado en:
Detalles Bibliográficos
Autor principal: Šlosárová, Anna
Formato: Capítulo de libro
Lenguaje:eslovaco
Materias:
Etiquetas: Agregar Etiqueta
Sin Etiquetas, Sea el primero en etiquetar este registro!

MARC

LEADER 00000naa a2200000 4500
001 r008104
005 20220831075711.0
041 0 |a slo 
044 |a [CS] 
245 1 0 |a Nové úlohy ekonomickej analýzy v podniku.  |b Diskusný príspevok.  |c Anna Šlosárová 
520 |a Význam a predmet ekonomickej analýzy. Zameranie a organizácia rozboru hospodárskej činnosti. Podnikový plán ako prostriedok na dosiahnutie cieľov podniku. Význam perspektívnej analýzy a modelového riešenia. Najdôležitejšie ekonomické ukazovatele. 
610 2 0 |a rozbory činnosti hospodárskej 
610 2 0 |a podnik 
610 2 0 |a plán podnikový 
610 2 0 |a modely ekonomické 
610 2 0 |a ukazovatele ekonomické 
100 1 |a Šlosárová, Anna